| 000 | 00668nam a2200229 4500 | ||
|---|---|---|---|
| 001 | 46024 | ||
| 010 | _a9789896600518 | ||
| 021 | _b309845/10 | ||
| 090 | _a46024 | ||
| 100 | _a20141222d2014 m y0pory50030103ba | ||
| 101 | 0 | _apor | |
| 102 | _aPT | ||
| 200 | 1 |
_aEnquanto Salazar dormia... _ememórias de um espião em Lisboa _fDomingos Amaral |
|
| 205 | _a5.ª ed. | ||
| 210 | 9 |
_aAlfragide _cBis, _d2014 |
|
| 215 |
_a399 p. _d19 cm |
||
| 225 | 2 | _aBis | |
| 675 |
_a821.134.3-31"19/20" _vBN _zpor |
||
| 700 | 1 |
_aAmaral, _bDomingos, _f1967- |
|
| 801 | 0 |
_aPT _bBN _gRPC |
|
| 856 | 4 | 1 | _uhttp://rnod.bnportugal.gov.pt/ImagesBN/winlibimg.aspx?skey=&doc=1891627&img=53713&save=true |
| 990 | _cLIVROS | ||